| Tag |
First Indicator |
Second Indicator |
Subfields |
| LEADER |
00000cam a22000008i 4500 |
| 001 |
in00000375950 |
| 005 |
20151011083810.0 |
| 008 |
770912s1978 nyu 00010 eng |
| 010 |
|
|
|a 77013342
|
| 020 |
|
|
|a 0816493294 :
|c $12.50
|
| 035 |
|
|
|a (OCoLC)03311619
|
| 035 |
|
|
|9 ABQ2798AM
|
| 040 |
|
|
|a DLC
|c DLC
|d TXA
|d UtOrBLW
|
| 041 |
1 |
|
|a eng
|a ger
|
| 043 |
|
|
|a e-gx---
|
| 049 |
|
|
|a TXAM
|c [1537272]
|
| 050 |
0 |
0 |
|a DD239
|b .H6713
|
| 082 |
0 |
|
|a 943.085
|
| 100 |
1 |
|
|a Horkheimer, Max,
|d 1895-1973.
|
| 240 |
1 |
0 |
|a Notizen und Dammerung. English
|
| 245 |
1 |
0 |
|a Dawn & decline :
|b notes 1926-1931 and 1950-1969 /
|c Max Horkheimer ; translated by Michael Shaw ; with an afterword by Eike Gebhardt.
|
| 264 |
|
1 |
|a New York :
|b Seabury Press,
|c 1978.
|
| 300 |
|
|
|a 252 pages ;
|c 22 cm.
|
| 336 |
|
|
|a text
|b txt
|2 rdacontent
|
| 337 |
|
|
|a unmediated
|b n
|2 rdamedia
|
| 338 |
|
|
|a volume
|b nc
|2 rdacarrier
|
| 490 |
0 |
|
|a A Continuum book
|
| 500 |
|
|
|a Translation of Notizen und Dammerung.
|
| 651 |
|
0 |
|a Germany
|x Civilization
|y 20th century.
|
| 999 |
|
|
|a MARS
|
| 999 |
f |
f |
|s ab2be76f-e40f-3abd-b6de-b8c5d27ff071
|i f1e4bb7b-479e-336a-93e3-2af07caccb4b
|t 0
|
| 952 |
f |
f |
|p ric
|a Texas A&M University
|b Rellis Campus
|c Joint Library Facility
|d Remote Storage
|t 0
|e DD239 .H6713
|h Library of Congress classification
|i unmediated -- volume
|m A14820946126
|
| 998 |
f |
f |
|a DD239 .H6713
|t 0
|l Remote Storage
|